000 00379nam a2200133 a 4500
001 000038272
005 20201002031220.0
008 130408s1999 dr 000 0 spa d
040 _aDO-SdBNP
_bspa
_cBNPHU
100 1 _aGarcía Dubus, Luis
_920490
245 1 0 _aAnimo en dos minutos /
_cLuis García Dubus.
260 _aSanto Domingo :
_bMSC ,
_c1999.
300 _a160 p : ;
_c21 cm.
999 _c37762
_d37762